header

My life as a night elf priest (Record no. 88329)

MARC details
000 -LEADER
fixed length control field 01465nam a2200361Ia 4500
082 04 - DEWEY DECIMAL CLASSIFICATION NUMBER
Classification number 793.93
100 1# - MAIN ENTRY--AUTHOR NAME
Personal name Nardi, Bonnie A.
245 10 - TITLE STATEMENT
Title My life as a night elf priest
260 ## - PUBLICATION, DISTRIBUTION, ETC. (IMPRINT)
Place of publication Ann Arbor :
Name of publisher University of Michigan Press,
Year of publication c2010.
300 ## - PHYSICAL DESCRIPTION
Number of Pages 236 p. :
Other physical details ill.
490 0# - SERIES STATEMENT
Series statement Technologies of the imagination and digital culture
650 #0 - SUBJECT ADDED ENTRY--TOPICAL TERM
Topical Term Computer games
Topical Term Virtual reality
Topical Term Visual anthropology.
856 40 - ELECTRONIC LOCATION AND ACCESS
Uniform Resource Identifier http://site.ebrary.com/lib/rucke/Doc?id=10395616

No items available.

© 2026 Rongo University
Contact us: librarian | system librarian | Rongo university